000 00430cam a2200157 a 4500
020 _a0062715933
020 _a0062733478 (pbk.)
050 0 0 _aRJ61
_b.N24 1996
100 1 _aNathanson, Laura.
245 1 4 _aThe portable pediatrician's guide to kids /
_cLaura Walther Nathanson.
250 _a1st ed.
260 _aNew York :
_bHarperPerennial,
_cc1996.
300 _axv, 328 p. ;
650 0 _xPopular works.
942 _2lcc
_cGEN
999 _c14263
_d14263